000 00622nam a22002057a 4500
003 OSt
005 20140310182929.0
008 130130t xxu||||| |||| 00| 0 eng d
020 _a9717070911
050 _aPE 1408
_b.T161 2001
082 _aF808.0427
_b.T15 2001
245 _aAn Introduction to critical thinking and creative writing :
_bfor freshmen college students /
_cTan, Arsenia B.
260 _aMandaluyong City :
_bAcademic Publishing Corporation,
_c2001
300 _a262 p.
_c23 cm.
521 _acollege students
526 _c1210L-1700L
562 _e1
942 _2lcc
_cBK
_kFIL
999 _c17485
_d17485